Wimbledon Men's Champions - Statistics

General Stats
  • This quiz has been taken 129 times
  • The average score is 42 of 52
Answer Stats
Hint Answer % Correct
2017 Roger Federer
99%
2012 Roger Federer
99%
2011 Roger Federer
99%
2009 Roger Federer
99%
2007 Roger Federer
99%
2006 Roger Federer
99%
2005 Roger Federer
99%
2004 Roger Federer
99%
2003 Roger Federer
99%
2016 Andy Murray
97%
2013 Andy Murray
97%
2015 Novak Djokovic
96%
2011 Novak Djokovic
96%
2012 Rafael Nadal
96%
2010 Rafael Nadal
96%
2008 Rafael Nadal
96%
2000 Pete Sampras
91%
1999 Pete Sampras
91%
1998 Pete Sampras
91%
1997 Pete Sampras
91%
1995 Pete Sampras
91%
1994 Pete Sampras
91%
1993 Pete Sampras
91%
1980 Bjorn Borg
90%
1979 Bjorn Borg
90%
1978 Bjorn Borg
90%
1977 Bjorn Borg
90%
1976 Bjorn Borg
90%
1984 John McEnroe
88%
1983 John McEnroe
88%
1981 John McEnroe
88%
1989 Boris Becker
85%
1986 Boris Becker
85%
1985 Boris Becker
85%
1992 Andre Agassi
81%
2014 Novak Djokovic
77%
1982 Jimmy Connors
70%
1974 Jimmy Connors
70%
2002 Lleyton Hewitt
70%
1990 Stefan Edberg
65%
1988 Stefan Edberg
65%
1969 Rod Laver
64%
1968 Rod Laver
64%
1975 Arthur Ashe
59%
2001 Goran Ivanisevic
59%
1987 Pat Cash
59%
1971 John Newcombe
45%
1970 John Newcombe
45%
1996 Richard Krajicek
39%
1972 Stan Smith
34%
1991 Michael Stich
26%
1973 Jan Kodes
23%
No matching quizzes found
Score Distribution
Percent of People with Each Score
Percentile by Number Answered
Your Score History
You have not taken this quiz